000 00859nam0a22002531 4500
001 rc\3125107
005 20120615094827.9
021 _aRU
_b76-25644
035 _a(NLR Aleph) 007282132
090 _a5520662
_c5520662
100 _a20120615d1975 |||y0rusy50 ca
101 0 _arus
102 _aRU
105 _aa z |||||
200 1 _aОснования и фундаменты
_eУчеб. пособие
_fМ-во высш. и сред. спец. образ. РСФСР. Краснояр. политехн. ин-т. Норильск. веч. индустр. ин-т
210 _aНорильск
_cБ. и.
_d1975
215 _a57 с., 1 л. ил.
_cил.
_d20
320 _aБиблиогр.: с. 56
700 1 _aПавлов
_bВ. А.
801 0 _aRU
_bNLR
_gpsbo
801 1 _aRU
_bELAR
_2rusmarc
852 _aNLR
_j77-4/4064
942 _cBOOK
980 _aNB